Cuando cae el otoño = Quand vient l'automne /

Una mujer jubilada tiene la expectativa de recibir a su hija y a su nieto en su casa en la Borgoña, en Francia. Cuando la hija enferma por envenenamiento a causa de unos hongos, la sospecha de que su infortunio pudo haber sido intencionado tensa la dinámica familiar. A su vez, la mejor amiga de la m...

Celý popis

Uloženo v:
Podrobná bibliografie
Hlavní autor: Ozon, François (realización)
Další autoři: Ozon, François (guión) (guión), Piazzo, Philippe (guión) (guión), Alméras, Jérôme (fotógrafo) (fotógrafo), Chavanne, Pascaline (vestuario) (vestuario), Roth, Anita (montaje) (montaje), Galperine, Evgueni (música) (música), Galperine, Sacha (música) (música), Vincent, Hélène (actuación) (actuación), Balasko, Josiane (actuación) (actuación), Sagnier, Ludivine (actuación) (actuación)
Médium: Video
Jazyk:francouzština
Vydáno: Francia : FOZ : France 2 Cinéma : Playtime, 2024, c2024
Edice:(Karma Films ; 70255)
Témata:
Tagy: Přidat tag
Žádné tagy, Buďte první, kdo vytvoří štítek k tomuto záznamu!

MARC

LEADER 00000ngm^a2200000^a^4500
001 000629731
005 20260325000000.0
009 20260407175354.51
037 |a Acervo ITESO - Biblioteca 
041 |a FRA 
082 |a 840.  |b OZO 
100 |a Ozon, François  |e (realización) 
245 1 0 |a Cuando cae el otoño =  |b Quand vient l'automne /  |c Realización de F. Ozon. 
246 2 |a Título en México: Cuando cae el otoño 
264 4 |a Francia :  |b FOZ :  |b France 2 Cinéma :  |b Playtime,  |c 2024, c2024 
264 2 |a Madrid, España :  |b Karma Films [distribución],  |c 2025, c2025 
300 |a 1 blu-ray región B (102, 5 min.) :  |b color 
336 |a imagen móvil bidimensional  |b tdi  |2 rdacontenido 
337 |a video  |b v  |2 rdamedio 
338 |a videodisco  |b vd  |2 rdasoporte 
440 1 |a (Karma Films ;  |v 70255) 
520 |a Una mujer jubilada tiene la expectativa de recibir a su hija y a su nieto en su casa en la Borgoña, en Francia. Cuando la hija enferma por envenenamiento a causa de unos hongos, la sospecha de que su infortunio pudo haber sido intencionado tensa la dinámica familiar. A su vez, la mejor amiga de la mujer jubilada está esperando a su hijo, quien estuvo en la cárcel, y su presencia causará varias sospechas. 
546 |a En francés, con subtítulos opcionales: español 
546 |a Doblaje opcional: español 
546 |a Audiodescripción en español, para ciegos y débiles visuales 
649 |a XX 
650 |a Ancianos en el Cine 
650 |a Mujeres en el Cine 
650 |a Prostitutas en el Cine 
650 |a Zonas Rurales en el Cine 
650 |a Zonas Rurales -  |z Francia 
650 |a Vestuario 
650 |a Producción Cinematográfica -  |z Francia 
650 |a Comedias de Humor Negro 
650 |a Melodramas 
650 |a Cine Gay y Lésbico -  |z Francia 
650 |a Cine Francés -  |y 2020-2029 
650 |a Cine Francés -  |y Siglo XXI 
650 |a Hongos Patógenos 
650 |a Filicidio 
650 |a Relaciones Padres-Hijos 
700 |a Ozon, François  |e (guión) 
700 |a Piazzo, Philippe  |e (guión) 
700 |a Alméras, Jérôme  |e (fotógrafo) 
700 |a Chavanne, Pascaline  |e (vestuario) 
700 |a Roth, Anita  |e (montaje) 
700 |a Galperine, Evgueni  |e (música) 
700 |a Galperine, Sacha  |e (música) 
700 |a Vincent, Hélène  |e (actuación) 
700 |a Balasko, Josiane  |e (actuación) 
700 |a Sagnier, Ludivine  |e (actuación) 
910 |a Fondo General 
920 |a Audiovisuales - Blu-rays 
940 |a Películas 
905 |a 309 
901 |a 629963-10  |b IT2  |c BRR  |i C193252  |u 20260325 
902 |a https://opac.biblio.iteso.mx/vufind/Record/000629731